000 00889nam a2200229 i 4500
001 bg
245 0 0 _aIII [trzecia] Szkoła komputerowego wspomagania projektowania, wytwarzania i eksploatacji :
_bSzczyrk 10-14 maja 1999 r. : [materiały konferencyjne /
_corg. Wydział Uzbrojenia i Lotnictwa Wojskowej Akademii Technicznej].
260 _aWarszawa :
_bWAT ;
_aGliwice :
_bHelion,
_c1999.
300 _a768 s. :
_brys., wykr. ;
_c24 cm.
500 _aStreszcz. pol. i ang.
504 _aIndeks autorów.
650 9 _aProjektowanie
_xautomatyzacja
650 9 _aProdukcja
_xautomatyzacja
650 9 _aKomputery
_xstosowanie
_xtechnika
655 _aMateriały konferencyjne
710 0 _aWojskowa Akademia Techniczna
_bWydział Uzbrojenia i Lotnictwa
040 _cBPK
041 0 _apl
_ben
080 _a004:62-1/-8](061)
942 _cKS
008 s pl f |000 0 pol
999 _c34744
_d34744
856 _uhttp://koha.tu.koszalin.pl/cgi-bin/koha/opac-detail.pl?biblionumber=34744
_yKatalog online BPK